00738nab a2200217 uc450000100070000000500170000700800410002403500110006503500210007604000130009704100080011010000380011824500350015665000350019165000340022665000370026065000410029777301530033894200100049199900190050165679020240201163045.0010404s1999 eng  a656790 a(OCoLC)819904317 ccomduadb aeng10aFriedman, Avner4auteaut926262410aWhat is industrial mathematics 7aModelos matemáticos2lemb91 aSolución de problemas97911 aAplicaciones industriales960337 aTeoría del control óptimo9587060 tRevista de la Real Academia de Ciencias Exactas, Físicas y Naturales (España)gVol. 093, No. 02, Mar. 1999, p. 179-184w135461x1137-2141070538 cARIMP c194705d194705